000 00506nam a2200181 i 4500
001 40240
003 ES-MaACL
005 20240627063050.0
007 t|
008 030305s1961 sp ||||1| spa d
100 0 _aCarriedo, Gabino-Alejandro,
_d1923-1981
_935738
245 1 3 _aEl corazón en un puño /
_cGabino-Alejandro Carriedo.
260 _aSantander :
_b[s.n.,
_c1961]
300 _a71 p. ;
_c16 cm.
852 _aES-MaACL
_jC-20881
_bR.48401
942 _2udc
999 _c40240
_d40240